<?xml version="1.0" encoding="UTF-8"?>
<record
    xmlns:xsi="http://www.w3.org/2001/XMLSchema-instance"
    xsi:schemaLocation="http://www.loc.gov/MARC21/slim http://www.loc.gov/standards/marcxml/schema/MARC21slim.xsd"
    xmlns="http://www.loc.gov/MARC21/slim">

  <leader>00866nam a2200205Ia 4500</leader>
  <controlfield tag="001">1790</controlfield>
  <controlfield tag="003">GE_BSU</controlfield>
  <controlfield tag="008">181216s||||||||xx |||||||||||||| ||und||</controlfield>
  <datafield tag="040" ind1=" " ind2=" ">
    <subfield code="c">GE_BSU</subfield>
  </datafield>
  <datafield tag="080" ind1=" " ind2=" ">
    <subfield code="a">32(479.22)+32(479.2)</subfield>
  </datafield>
  <datafield tag="245" ind1=" " ind2=" ">
    <subfield code="a">Balkanistic Forum. &#x411;a&#x43B;&#x43A;&#x430;&#x43D;&#x438;&#x441;&#x442;&#x438;&#x447;&#x435;&#x43D; &#x444;&#x43E;&#x440;&#x443;&#x43C; 1. &#x422;&#x435;&#x43C;&#x430; &#x43D;&#x430; &#x431;&#x440;&#x43E;&#x44F; &#x411;&#x43E;&#x43B;&#x433;&#x430;&#x440;&#x438;&#x44F; &#x438; &#x413;&#x440;&#x443;&#x437;&#x438;&#x44F;:&#x41F;&#x43E;&#x43B;&#x438;&#x442;&#x438;&#x43A;&#x438; &#x43A;&#x44C;&#x43C; &#x43C;&#x44E;&#x441;&#x44E;&#x43B;&#x43C;&#x430;&#x43D;&#x438;&#x442;&#x435;</subfield>
  </datafield>
  <datafield tag="260" ind1=" " ind2=" ">
    <subfield code="a">&#x411;&#x43B;&#x430;&#x433;&#x43E;&#x435;&#x432;&#x433;&#x440;&#x430;&#x434;</subfield>
  </datafield>
  <datafield tag="260" ind1=" " ind2=" ">
    <subfield code="b">&#x41D;&#x435;&#x43E;&#x444;&#x438;&#x442; &#x420;&#x438;&#x43B;&#x441;&#x43A;&#x438;</subfield>
  </datafield>
  <datafield tag="260" ind1=" " ind2=" ">
    <subfield code="c">2010</subfield>
  </datafield>
  <datafield tag="300" ind1=" " ind2=" ">
    <subfield code="a">332&#x441;&#x442;&#x440;.  23&#x441;&#x43C;.</subfield>
  </datafield>
  <datafield tag="520" ind1=" " ind2=" ">
    <subfield code="a">&#x10D4;&#x10D6;&#x10E6;&#x10D5;&#x10DC;&#x10D4;&#x10D1;&#x10D0; &#x10DE;&#x10E0;&#x10DD;&#x10E4;. &#x10E0;&#x10DD;&#x10DA;&#x10D0;&#x10DC;&#x10D3; &#x10D9;&#x10DD;&#x10DB;&#x10D0;&#x10EE;&#x10DD;&#x10EB;&#x10D8;&#x10E1; &#x10EE;&#x10E1;&#x10DD;&#x10D5;&#x10DC;&#x10D0;&#x10E1;</subfield>
  </datafield>
  <datafield tag="541" ind1=" " ind2=" ">
    <subfield code="h">12&#x43B;.</subfield>
  </datafield>
  <datafield tag="653" ind1=" " ind2=" ">
    <subfield code="a">Balkanistic Forum. &#x411;&#x430;&#x43B;&#x43A;&#x430;&#x43D;&#x438;&#x441;&#x442;&#x438;&#x447;&#x435;&#x43D; &#x444;&#x43E;&#x440;&#x443;&#x43C; 1. &#x422;&#x435;&#x43C;&#x430; &#x43D;&#x430; &#x431;&#x440;&#x43E;&#x44F; &#x411;&#x43E;&#x43B;&#x433;&#x430;&#x440;&#x438;&#x44F; &#x438; &#x413;&#x440;&#x443;&#x437;&#x438;&#x44F;:&#x41F;&#x43E;&#x43B;&#x438;&#x442;&#x438;&#x43A;&#x438; &#x43A;&#x44C;&#x43C; &#x43C;&#x44C;&#x44E;&#x441;&#x44E;&#x43B;&#x43C;&#x430;&#x43D;&#x438;&#x442;&#x435;</subfield>
  </datafield>
  <datafield tag="942" ind1=" " ind2=" ">
    <subfield code="c">BK</subfield>
  </datafield>
  <datafield tag="999" ind1=" " ind2=" ">
    <subfield code="c">35897</subfield>
    <subfield code="d">35897</subfield>
  </datafield>
  <datafield tag="952" ind1=" " ind2=" ">
    <subfield code="0">0</subfield>
    <subfield code="1">0</subfield>
    <subfield code="4">0</subfield>
    <subfield code="7">0</subfield>
    <subfield code="9">34617</subfield>
    <subfield code="d">2018-12-17</subfield>
    <subfield code="p">3729</subfield>
    <subfield code="r">2018-12-17</subfield>
    <subfield code="w">2018-12-17</subfield>
    <subfield code="y">BK</subfield>
    <subfield code="z">&#x10D3;&#x10D0;&#x10E0;&#x10D1;&#x10D0;&#x10D6;&#x10D8;</subfield>
  </datafield>
</record>
